The fundamental rules and the subsidiary rules of the Madras government (Record no. 499705)

000 -LEADER
fixed length control field 00408cam a22001097a 4500
008 - FIXED-LENGTH DATA ELEMENTS--GENERAL INFORMATION
fixed length control field 180718b xxu||||| |||| 00| 0 eng d
082 ## - DEWEY DECIMAL CLASSIFICATION NUMBER
Classification number K1201x5452 M267f
245 ## - TITLE STATEMENT
Title The fundamental rules and the subsidiary rules of the Madras government
Statement of responsibility, etc. by Finance Department, Tamil Nadu
260 ## - PUBLICATION, DISTRIBUTION, ETC.
Place of publication, distribution, etc. Madras
Name of publisher, distributor, etc. Finance Department
Date of publication, distribution, etc.
500 ## - GENERAL NOTE
General note Contents: Library has 1963, 1977, 1981
700 ## - ADDED ENTRY--PERSONAL NAME
Personal name Tamil Nadu. Finance Department
Holdings
Withdrawn status Lost status Damaged status Not for loan Permanent Location Current Location Date acquired Full call number Barcode Date last seen Price effective from Koha item type
        Indian Institute of Public Administration Indian Institute of Public Administration 2018-08-04 K1201x5452 M267f G5287 2018-08-04 2018-08-04 G
        Indian Institute of Public Administration Indian Institute of Public Administration 2018-08-04 K1201x5452 M267f GG19303 2018-08-04 2018-08-04 GG
        Indian Institute of Public Administration Indian Institute of Public Administration 2018-08-04 K1201x5452 M267f GG16497 2018-08-04 2018-08-04 GG

Powered by Koha